[Event "IND-ch Challengers (Women) 43rd"]
[Site "Chennai"]
[Date "2016.06.17"]
[Round "1"]
[White "Bidisha, Roy"]
[Black "Chandreyee, Hajra"]
[Result "0-1"]
[WhiteElo "1461"]
[BlackElo "1992"]
[PlyCount "72"]
[EventDate "2016.06.17"]
[EventType "swiss"]
[EventRounds "11"]
[EventCountry "IND"]
[SourceTitle "CBM 173 Extra"]
[Source "ChessBase"]
[SourceDate "2016.08.29"]
[SourceVersion "1"]
[SourceVersionDate "2016.08.29"]
[SourceQuality "1"]

1. e4 c5 2. Nc3 Nc6 3. f4 g6 4. Nf3 Bg7 5. Bb5 Nd4 6. d3 Qa5 7. Bc4 b5 8. Bd5 Rb8 9. Qd2 Nxf3+ 10. gxf3 c4 11. dxc4 e6 12. Nxb5 Qxd2+ 13. Bxd2 exd5 14. exd5 Ne7 15. Kf2 0-0 16. Bb4 Bf6 17. Kg2 a6 18. Bd6 Rb6 19. Bc5 Rb7 20. Nd6 Rxb2 21. Rae1 Rd8 22. Kh3 Nf5 23. Nxf5 d6 24. Kg3 Bxf5 25. Ba3 Rxa2 26. Bb4 Rxc2 27. Rc1 Rb2 28. Bc3 Bxc3 29. Rxc3 Re8 30. c5 dxc5 31. d6 Rd2 32. Rxc5 Rxd6 33. Ra5 Re2 34. Rha1 Rdd2 35. Rh1 Rg2+ 36. Kh4 Rd4 0-1

[Event "IND-ch U11 Girls"]
[Site "Odisha"]
[Date "2014.07.25"]
[Round "2"]
[White "Bidisha, Roy"]
[Black "Salonika, Saina"]
[Result "1/2-1/2"]
[WhiteElo "1339"]
[BlackElo "1775"]
[PlyCount "92"]
[EventDate "2014.07.24"]
[EventType "swiss"]
[EventRounds "11"]
[EventCountry "IND"]
[SourceTitle "CBM 161 Extra"]
[Source "ChessBase"]
[SourceDate "2014.08.29"]
[SourceVersion "1"]
[SourceVersionDate "2014.08.29"]
[SourceQuality "1"]

1. e4 c5 2. Nc3 Nc6 3. f4 g6 4. Nf3 Bg7 5. Bb5 Nd4 6. 0-0 a6 7. Bc4 e6 8. d3 Ne7 9. Ne2 0-0 10. Nfxd4 cxd4 11. Qe1 d5 12. Bb3 dxe4 13. dxe4 b5 14. Qf2 Ra7 15. c3 Nc6 16. cxd4 Nxd4 17. Nxd4 Bxd4 18. Be3 Bxe3 19. Qxe3 Qe7 20. Rfd1 Rd7 21. Rxd7 Bxd7 22. Rc1 Rc8 23. Rxc8+ Bxc8 24. Qd4 Qc7 25. e5 Bb7 26. Qc3 Qb6+ 27. Kf1 a5 28. Bd1 b4 29. Qd2 Bd5 30. b3 Qb5+ 31. Qe2 Qc5 32. Qd2 Qb5+ 33. Qe2 Qc5 34. Qd2 Kg7 35. Bc2 Qb5+ 36. Bd3 Qc5 37. Bc2 Bc6 38. Bd1 Bb5+ 39. Be2 Qc3 40. Ke1 Qc5 41. Bxb5 Qxb5 42. Qd8 Qd5 43. Qxd5 exd5 44. Kd2 Kf8 45. Kd3 Ke7 46. Kd4 Ke6 1/2-1/2